[Event "15th Asian-ch"]
[Site "Chengdu CHN"]
[Date "2017.05.17"]
[Round "6"]
[White "Zhumabaev, Rinat"]
[Black "Zhu Yi"]
[Result "1/2-1/2"]
[WhiteElo "2625"]
[BlackElo "2328"]
[EventDate "2017.05.12"]
[PlyCount "103"]

1.d4 Nf6 2.c4 g6 3.Nc3 Bg7 4.e4 d6 5.Nf3 O-O 6.Be2 e5 7.O-O Nc6 8.d5 Ne7 
9.b4 a5 10.bxa5 Rxa5 11.a4 Nh5 12.Ba3 b6 13.Bb4 Ra8 14.a5 bxa5 15.Bxa5 Nf4
16.Nd2 Qd7 17.Bf3 Bh6 18.c5 Ba6 19.c6 Qc8 20.Ne2 Nd3 21.Nb3 f5 22.Ng3 fxe4
23.Bxe4 Nb2 24.Qc2 Nc4 25.Bd3 Nxa5 26.Rxa5 Bxd3 27.Qxd3 Rxa5 28.Nxa5 Qa8 
29.Nc4 Qa2 30.Ne4 Nf5 31.Nc3 Qb3 32.Rb1 e4 33.Rxb3 exd3 34.Ne4 Ra8 35.g3 
Ra4 36.Ncd2 Bxd2 37.Nxd2 Rd4 38.Rb7 Rxd5 39.Rxc7 Nd4 40.Rc8+ Kg7 41.Ne4 
Nf3+ 42.Kg2 d2 43.Nc3 Ne5 44.c7 Rc5 45.Nd1 Rc1 46.Rd8 Rxd1 47.Rg8+ Kh6 48.
c8=Q Rg1+ 49.Kxg1 d1=Q+ 50.Kg2 Qf3+ 51.Kg1 Qd1+ 52.Kg2 1/2-1/2

[Event "15th Asian-ch"]
[Site "Chengdu CHN"]
[Date "2017.05.17"]
[Round "6"]
[White "Kasimdzhanov, Rustam"]
[Black "Li Di"]
[Result "1/2-1/2"]
[WhiteElo "2698"]
[BlackElo "2488"]
[EventDate "2017.05.12"]
[PlyCount "142"]

1.e4 e5 2.Nf3 Nf6 3.Nxe5 d6 4.Nf3 Nxe4 5.Nc3 Nxc3 6.dxc3 Be7 7.Be3 Nc6 8.
Qd2 Be6 9.O-O-O Qd7 10.a3 h6 11.Kb1 Rg8 12.Bd3 O-O-O 13.Qe2 Bf6 14.Bb5 Kb8
15.Rhe1 g5 16.Nd2 Bh8 17.Nb3 Bxb3 18.cxb3 Qf5+ 19.Bd3 Qf6 20.Be4 d5 21.Bc2
d4 22.cxd4 Nxd4 23.Rxd4 Rxd4 24.Bxd4 Qxd4 25.Qe8+ Qd8 26.Qxf7 Rf8 27.Qe7 
Bf6 28.Qxd8+ Rxd8 29.b4 a6 30.Re6 Rd6 31.Rxd6 cxd6 32.Be4 Bd4 33.f3 Bg1 
34.h3 Bh2 35.g4 Kc7 36.Bd5 b6 37.Kc2 Be5 38.b3 Bf4 39.Kd3 Bc1 40.Ke4 Bxa3 
41.b5 axb5 42.Kf5 Kd7 43.Kg6 Bc1 44.Kxh6 Ke7 45.Kg6 Kf8 46.b4 Bd2 47.Kf6 
Bc1 48.Bc6 Kg8 49.Kg6 Kf8 50.Bxb5 Ke7 51.Kf5 d5 52.Bd3 Bd2 53.Bf1 Kf7 54.
b5 Be3 55.h4 gxh4 56.g5 d4 57.f4 Ke7 58.Kg4 Kd6 59.f5 h3 60.Bxh3 d3 61.Kh5
d2 62.Bg4 Ke5 63.f6 Bd4 64.Kg6 Kf4 65.Bd1 Bc3 66.f7 Bb4 67.Kf6 Bc3+ 68.Ke6
Bg7 69.g6 Kg5 70.Bc2 Bf8 71.Kd5 d1=Q+ 1/2-1/2

[Event "15th Asian-ch"]
[Site "Chengdu CHN"]
[Date "2017.05.17"]
[Round "6"]
[White "Santosh Gujrathi, Vidit"]
[Black "Batchuluun, Cegmed"]
[Result "1-0"]
[WhiteElo "2687"]
[BlackElo "2525"]
[EventDate "2017.05.12"]
[PlyCount "154"]

1.Nf3 Nf6 2.g3 d5 3.Bg2 e6 4.c4 dxc4 5.Qa4+ Nbd7 6.Qxc4 a6 7.Qc2 c5 8.Nc3 
Qc7 9.O-O b6 10.d4 Bb7 11.Bf4 Bd6 12.Bxd6 Qxd6 13.Rfd1 O-O 14.e4 cxd4 15.
Nxd4 Qc7 16.Rac1 Rac8 17.f4 Qb8 18.e5 Nd5 19.Bxd5 Bxd5 20.Nf5 exf5 21.Rxd5
Qa7 22.Qxf5 b5+ 23.Kh1 Nb6 24.Rdd1 Na4 25.Nd5 Rxc1 26.Rxc1 Qa8 27.Qe4 Nxb2
28.Rc7 Kh8 29.Kg1 Nc4 30.Qd4 Qe8 31.Qc5 h6 32.Rc6 Rg8 33.Rxa6 Qd7 34.Qc6 
Qg4 35.Nc3 b4 36.Qxc4 bxc3 37.Qxc3 Qe2 38.Rc6 Qxa2 39.Qc2 Qa1+ 40.Kg2 Qd4 
41.Rd6 Qe3 42.Rd7 Rf8 43.Qc4 Kg8 44.Re7 Qd2+ 45.Kh3 Qd1 46.Rc7 Qh5+ 47.Kg2
Qf5 48.Qc2 Qxc2+ 49.Rxc2 g6 50.g4 Ra8 51.Rc3 Ra4 52.Kg3 Kg7 53.h4 Rb4 54.
h5 gxh5 55.gxh5 Ra4 56.Rc7 Ra3+ 57.Kg4 Re3 58.Kf5 Re1 59.Rc3 Ra1 60.Rd3 
Ra2 61.Rd1 Rb2 62.Rd7 Rb5 63.Ke4 Rb4+ 64.Rd4 Rb1 65.f5 Rh1 66.f6+ Kg8 67.
Rd8+ Kh7 68.Rd7 Kg8 69.Kd5 Ra1 70.Rc7 Rd1+ 71.Kc6 Rd2 72.Rd7 Ra2 73.Rd8+ 
Kh7 74.Kd7 Ra6 75.Ke8 Re6+ 76.Kf8 Rxe5 77.Rd7 Rxh5 1-0

[Event "15th Asian-ch"]
[Site "Chengdu CHN"]
[Date "2017.05.17"]
[Round "6"]
[White "Sethuraman, Panayapan"]
[Black "Yeoh Li Tian"]
[Result "1-0"]
[WhiteElo "2633"]
[BlackElo "2470"]
[EventDate "2017.05.12"]
[PlyCount "123"]

1.d4 Nf6 2.Nf3 d5 3.c4 c6 4.g3 Bf5 5.Nc3 e6 6.Nh4 Bg4 7.h3 Bh5 8.Qb3 Qb6 
9.c5 Qc7 10.Bf4 Qc8 11.g4 Bg6 12.Bg2 Be7 13.Nxg6 hxg6 14.Qc2 Nbd7 15.Bf3 
Bd8 16.Bd6 Bc7 17.g5 Nh7 18.h4 Bxd6 19.cxd6 Qb8 20.Qb3 Nb6 21.Qb4 Kd7 22.
e3 Qxd6 23.Qb3 Ke7 24.O-O-O Nf8 25.Kb1 Nfd7 26.Ne2 Nc4 27.Nf4 a5 28.Qc2 a4
29.h5 Ra5 30.Be2 Ndb6 31.Ka1 Rb5 32.Rb1 e5 33.Nd3 e4 34.Ne5 gxh5 35.g6 
fxg6 36.f3 Ra5 37.Qc3 Raa8 38.fxe4 Raf8 39.Rhg1 Rh6 40.Rbf1 g5 41.Nxc4 
Nxc4 42.e5 Qc7 43.Bxc4 dxc4 44.Rxf8 Kxf8 45.Qxc4 Ke7 46.Qg8 Re6 47.Rf1 Kd7
48.Qxg7+ Re7 49.Qxg5 Qd8 50.Qxh5 a3 51.bxa3 Qg8 52.Qf5+ Kc7 53.Qf6 Rh7 54.
Qd6+ Kb6 55.Qc5+ Kc7 56.Rb1 Qe6 57.Qa7 Qc8 58.d5 Kd8 59.Rg1 Kc7 60.dxc6 
Qb8 61.Qc5 Qd8 62.Qa5+ 1-0

[Event "15th Asian-ch"]
[Site "Chengdu CHN"]
[Date "2017.05.17"]
[Round "6"]
[White "Gundavaa, Bayarsaihan"]
[Black "Nguyen Ngoc Truong Son"]
[Result "1/2-1/2"]
[WhiteElo "2485"]
[BlackElo "2632"]
[EventDate "2017.05.12"]
[PlyCount "150"]

1.e4 e5 2.Nf3 Nc6 3.Nc3 Nf6 4.Bb5 Bb4 5.O-O O-O 6.d3 Bxc3 7.bxc3 d6 8.Bg5 
a6 9.Ba4 Qe7 10.Re1 Nd8 11.Nd2 h6 12.Bh4 Ne6 13.Nf1 Nc5 14.Bb3 Nxb3 15.
cxb3 g5 16.Bg3 Bg4 17.Qd2 Nh5 18.Ne3 Be6 19.d4 Nf4 20.Rad1 Qf6 21.Nd5 Bxd5
22.dxe5 dxe5 23.exd5 Ng6 24.c4 Rad8 25.Qe2 Qf5 26.f3 Rfe8 27.c5 h5 28.h3 
h4 29.Bh2 f6 30.Qe4 Ne7 31.Rd2 Rd7 32.Red1 Red8 33.Kf1 Kg7 34.Bg1 Qg6 35.
Be3 Qf7 36.d6 Nc6 37.Qg4 cxd6 38.cxd6 Re8 39.Kf2 Qe6 40.Bb6 e4 41.Qxe6 
Rxe6 42.Re2 Rdxd6 43.Rxd6 Rxd6 44.Rxe4 Kg6 45.Ke2 Kf5 46.Be3 b5 47.Re8 
Nd4+ 48.Kf2 Nc2 49.Rc8 Nxe3 50.Kxe3 Re6+ 51.Kf2 Kf4 52.Rd8 Rc6 53.Rd4+ Ke5
54.Rd2 Rc1 55.g3 hxg3+ 56.Kxg3 Rg1+ 57.Kf2 Ra1 58.Kg3 Rg1+ 59.Kf2 Rc1 60.
Kg3 f5 61.Kf2 f4 62.Kg2 a5 63.Kf2 Rh1 64.Kg2 Ra1 65.Kf2 a4 66.bxa4 bxa4 
67.Kg2 Kf5 68.h4 gxh4 69.Rd5+ Ke6 70.Ra5 Rxa2+ 71.Kh3 Rf2 72.Rxa4 Rxf3+ 
73.Kg4 Rg3+ 74.Kxf4 Rg1 75.Ra6+ Kf7 1/2-1/2

[Event "15th Asian-ch"]
[Site "Chengdu CHN"]
[Date "2017.05.17"]
[Round "6"]
[White "Atabaev, Saparmyrat"]
[Black "Lu Shanglei"]
[Result "1/2-1/2"]
[WhiteElo "2422"]
[BlackElo "2619"]
[EventDate "2017.05.12"]
[PlyCount "26"]

1.e4 c5 2.Nf3 d6 3.d4 cxd4 4.Nxd4 Nf6 5.Nc3 a6 6.Bg5 Nbd7 7.Bc4 h6 8.Bxf6 
Nxf6 9.Qe2 e6 10.O-O-O Qc7 11.Bb3 b5 12.a3 Be7 13.Kb1 Rb8 1/2-1/2

[Event "15th Asian-ch"]
[Site "Chengdu CHN"]
[Date "2017.05.17"]
[Round "6"]
[White "Lalith Babu, Musunuri Rohit"]
[Black "Wen Yang"]
[Result "0-1"]
[WhiteElo "2529"]
[BlackElo "2607"]
[EventDate "2017.05.12"]
[PlyCount "82"]

1.d4 d5 2.c4 c6 3.Nf3 Nf6 4.g3 e6 5.Bg2 Nbd7 6.Nbd2 Be7 7.O-O O-O 8.Qc2 b6
9.e4 Bb7 10.e5 Ne8 11.cxd5 cxd5 12.Re1 Ba6 13.Nf1 Rc8 14.Qd1 Nb8 15.h4 Nc6
16.Bg5 Nc7 17.N1h2 h6 18.Be3 Bb4 19.Bd2 Be7 20.Ng4 Bd3 21.Rc1 Na6 22.Bxh6 
Bf5 23.Nfh2 Nab4 24.Qd2 Bh7 25.Bf1 gxh6 26.a3 h5 27.Ne3 b5 28.axb4 Bxb4 
29.Rc3 Nxe5 30.Nxd5 Bxc3 31.Nxc3 Nc4 32.Qf4 Kg7 33.Nxb5 a6 34.Na3 Nxa3 35.
bxa3 Qf6 36.Qe3 Rc6 37.Bg2 Rc4 38.Qe2 Rc2 39.Qe3 Rfc8 40.d5 exd5 41.Bxd5 
Re8 0-1

[Event "15th Asian-ch"]
[Site "Chengdu CHN"]
[Date "2017.05.17"]
[Round "6"]
[White "Maghsoodloo, Parham"]
[Black "Atabaev, Yusup"]
[Result "1-0"]
[WhiteElo "2577"]
[BlackElo "2455"]
[EventDate "2017.05.12"]
[PlyCount "63"]

1.Nf3 c5 2.e3 Nf6 3.b3 g6 4.Bb2 Bg7 5.Be2 O-O 6.O-O Nc6 7.c4 Re8 8.d4 cxd4
9.exd4 d5 10.Re1 b6 11.Nbd2 Bb7 12.Rc1 Rc8 13.a3 e6 14.Bf1 dxc4 15.bxc4 
Ne7 16.Rc2 Nf5 17.a4 Re7 18.Qa1 Rec7 19.Rcc1 Ne8 20.Ne5 Ned6 21.Rcd1 Nh4 
22.Qa3 Ndf5 23.Ne4 Bxe4 24.Rxe4 g5 25.Qa1 Nd6 26.Ree1 Ng6 27.d5 exd5 28.
Rxd5 Rc5 29.Ng4 Bxb2 30.Qxb2 f5 31.Nh6+ Kf8 32.Nxf5 1-0

[Event "15th Asian-ch"]
[Site "Chengdu CHN"]
[Date "2017.05.17"]
[Round "6"]
[White "Sandipan, Chanda"]
[Black "Gomez, John Paul"]
[Result "1-0"]
[WhiteElo "2575"]
[BlackElo "2474"]
[EventDate "2017.05.12"]
[PlyCount "105"]

1.d4 Nf6 2.Nf3 c5 3.d5 e6 4.Nc3 exd5 5.Nxd5 Nxd5 6.Qxd5 Nc6 7.e4 Be7 8.Bc4
O-O 9.O-O d6 10.Qd3 Kh8 11.Bf4 f5 12.e5 Nb4 13.Qd2 d5 14.Be2 Na6 15.Bxa6 
bxa6 16.Rfe1 Be6 17.c3 a5 18.Bg5 Rb8 19.Bxe7 Qxe7 20.Ng5 Bg8 21.e6 Rb6 22.
Re5 h6 23.Nh3 Rxe6 24.Nf4 Rxe5 25.Ng6+ Kh7 26.Nxe7 Rxe7 27.Re1 Rxe1+ 28.
Qxe1 d4 29.Qe7 Rb8 30.Qxc5 Rxb2 31.Qxf5+ Kh8 32.cxd4 Rxa2 33.h4 a4 34.Qa5 
Bb3 35.Qxa7 a3 36.Kh2 Ra1 37.Qb8+ Bg8 38.d5 Rd1 39.Qb3 Rxd5 40.Qxa3 Rf5 
41.Qe3 Rf6 42.g4 Re6 43.Qd4 h5 44.g5 Re8 45.g6 Re6 46.Qd3 Rf6 47.Kg3 Be6 
48.f4 Kg8 49.Qd8+ Rf8 50.Qg5 Rf5 51.Qe7 Bb3 52.Qe8+ Rf8 53.Qb5 1-0

[Event "15th Asian-ch"]
[Site "Chengdu CHN"]
[Date "2017.05.17"]
[Round "6"]
[White "Utegaliev, Azamat"]
[Black "Zhou Jianchao"]
[Result "1/2-1/2"]
[WhiteElo "2522"]
[BlackElo "2617"]
[EventDate "2017.05.12"]
[PlyCount "105"]

1.Nf3 c5 2.c4 Nc6 3.Nc3 g6 4.g3 Bg7 5.Bg2 e6 6.b3 Nge7 7.Bb2 O-O 8.O-O d6 
9.e3 e5 10.d3 h6 11.a3 Be6 12.Nd2 Rb8 13.Rb1 a6 14.Nd5 b5 15.Bc3 f5 16.b4 
bxc4 17.Nxe7+ Nxe7 18.Nxc4 cxb4 19.Bxb4 Qd7 20.Rc1 d5 21.Na5 Rbc8 22.Nb3 
Rxc1 23.Qxc1 Rc8 24.Qd2 Bf7 25.d4 Nc6 26.dxe5 Nxb4 27.axb4 Bxe5 28.Rd1 Bc3
29.Qd3 Qb5 30.Qxb5 axb5 31.Bxd5 Bxb4 32.Bxf7+ Kxf7 33.Nd4 Rc5 34.Rb1 Bc3 
35.Nxb5 Be5 36.Rb4 g5 37.Kg2 Ke6 38.h3 h5 39.Nd4+ Bxd4 40.Rb6+ Kd5 41.exd4
Kxd4 42.Rh6 Ke5 43.Rxh5 Kf6 44.h4 gxh4 45.gxh4 Rc4 46.f3 Ke5 47.Kg3 Rc1 
48.Rg5 Ra1 49.Kh2 Kf4 50.Rg3 Ra2+ 51.Kh3 Ra1 52.Kh2 Ra2+ 53.Kh3 1/2-1/2

[Event "15th Asian-ch"]
[Site "Chengdu CHN"]
[Date "2017.05.17"]
[Round "6"]
[White "Hossain, Enamul"]
[Black "Xu Yinglun"]
[Result "1/2-1/2"]
[WhiteElo "2452"]
[BlackElo "2560"]
[EventDate "2017.05.12"]
[PlyCount "44"]

1.e4 c5 2.Nf3 d6 3.Bb5+ Bd7 4.Bxd7+ Nxd7 5.O-O e6 6.c4 Ngf6 7.Nc3 Rc8 8.d4
cxd4 9.Qxd4 a6 10.b3 Be7 11.Bb2 Qa5 12.Rfe1 O-O 13.Qd2 Kh8 14.a4 Rfd8 15.
h3 Bf8 16.Qe3 Nc5 17.Nd2 Kg8 18.Ne2 Ncd7 19.Bc3 Qc5 20.Bd4 Qa5 21.Bc3 Qc5 
22.Bd4 Qa5 1/2-1/2

[Event "15th Asian-ch"]
[Site "Chengdu CHN"]
[Date "2017.05.17"]
[Round "6"]
[White "Zhang Ziji"]
[Black "Xu Xiangyu"]
[Result "1/2-1/2"]
[WhiteElo "2312"]
[BlackElo "2534"]
[EventDate "2017.05.12"]
[PlyCount "52"]

1.d4 Nf6 2.c4 g6 3.Nc3 d5 4.cxd5 Nxd5 5.e4 Nxc3 6.bxc3 Bg7 7.Qa4+ Nd7 8.
Nf3 O-O 9.Be2 c5 10.O-O cxd4 11.cxd4 Nc5 12.dxc5 Bxa1 13.e5 Qd7 14.Qh4 Qg4
15.Qh6 Qh5 16.Qxh5 gxh5 17.Bh6 Bb2 18.Rb1 Ba3 19.Bxf8 Kxf8 20.Ng5 h6 21.
Ne4 Bf5 22.Rb3 Bxe4 23.Rxa3 Rc8 24.Rc3 b6 25.Bxh5 bxc5 26.Be2 Rb8 1/2-1/2

[Event "15th Asian-ch"]
[Site "Chengdu CHN"]
[Date "2017.05.17"]
[Round "6"]
[White "Tabatabaei, Mohammadamin"]
[Black "Liu Guanchu"]
[Result "1/2-1/2"]
[WhiteElo "2521"]
[BlackElo "2448"]
[EventDate "2017.05.12"]
[PlyCount "94"]

1.d4 Nf6 2.Nc3 e6 3.Bf4 d5 4.Nb5 Na6 5.e3 c5 6.Nf3 Bd7 7.a4 c4 8.c3 Qa5 9.
Ne5 Be7 10.Nxd7 Nxd7 11.Nd6+ Bxd6 12.Bxd6 Qb6 13.Ba3 Nab8 14.e4 Nc6 15.
exd5 exd5 16.Be2 O-O-O 17.O-O Na5 18.Qc2 Qg6 19.Qxg6 hxg6 20.Bf3 Nf6 21.
Rfe1 Nb3 22.Rad1 Rhe8 23.Re7 Rd7 24.Re5 Kd8 25.h4 Kc7 26.Rde1 Rh8 27.Re7 
Nd2 28.Rxd7+ Kxd7 29.Re7+ Kc6 30.Bd1 Rxh4 31.a5 Nb3 32.a6 bxa6 33.Rxf7 Re4
34.Bxb3 cxb3 35.Rxg7 Re1+ 36.Kh2 Ne4 37.f3 Nd2 38.Rxg6+ Kb5 39.Rd6 Nc4 40.
Rxd5+ Kb6 41.Bb4 Nxb2 42.Ba5+ Kb7 43.Rd7+ Kc8 44.Rd8+ Kb7 45.Rd7+ Kc8 46.
Rd8+ Kb7 47.Rd7+ Kc8 1/2-1/2

[Event "15th Asian-ch"]
[Site "Chengdu CHN"]
[Date "2017.05.17"]
[Round "6"]
[White "Fang Yuxiang"]
[Black "Wang Yiye"]
[Result "1/2-1/2"]
[WhiteElo "2493"]
[BlackElo "2421"]
[EventDate "2017.05.12"]
[PlyCount "22"]

1.d4 d5 2.c4 dxc4 3.Nf3 Nf6 4.e3 e6 5.Bxc4 c5 6.O-O a6 7.b3 b6 8.dxc5 Bxc5
9.Qxd8+ Kxd8 10.Ba3 Bxa3 11.Nxa3 Bb7 1/2-1/2

[Event "15th Asian-ch"]
[Site "Chengdu CHN"]
[Date "2017.05.17"]
[Round "6"]
[White "Xu Yi"]
[Black "Liu Yan"]
[Result "1/2-1/2"]
[WhiteElo "2456"]
[BlackElo "2413"]
[EventDate "2017.05.12"]
[PlyCount "56"]

1.e4 c5 2.Nf3 d6 3.Bb5+ Nd7 4.O-O a6 5.Bd3 Ngf6 6.Re1 e6 7.a4 b6 8.c3 Bb7 
9.Na3 Qc7 10.Qe2 Be7 11.Bb1 O-O 12.d4 Rfc8 13.Bd3 h6 14.h3 d5 15.e5 Ne4 
16.Nd2 cxd4 17.cxd4 Bb4 18.Nc2 Bxd2 19.Bxd2 Nxd2 20.Qxd2 a5 21.Na3 Bc6 22.
Rac1 Qd8 23.Bb5 Bxb5 24.Nxb5 Rxc1 25.Rxc1 Rc8 26.f4 f5 27.g3 Nb8 28.Rc2 
Qd7 1/2-1/2

[Event "15th Asian-ch"]
[Site "Chengdu CHN"]
[Date "2017.05.17"]
[Round "6"]
[White "Nguyen Huynh Minh Huy"]
[Black "Al-Rakib, Abdullah"]
[Result "1/2-1/2"]
[WhiteElo "2406"]
[BlackElo "2503"]
[EventDate "2017.05.12"]
[PlyCount "63"]

1.d4 Nf6 2.c4 e6 3.Nc3 Bb4 4.Qc2 Nc6 5.Nf3 d6 6.a3 Bxc3+ 7.Qxc3 a5 8.b3 
O-O 9.Bb2 Re8 10.g3 e5 11.d5 Ne7 12.Bg2 Bg4 13.O-O Qd7 14.Rfe1 Ng6 15.Nd2 
Bh3 16.Bh1 h5 17.c5 dxc5 18.Qxc5 Rad8 19.Qxa5 Nxd5 20.Rad1 b6 21.Qa6 Nf6 
22.Qc4 Re6 23.Nf1 Rd6 24.Rxd6 Qxd6 25.Qc2 Ng4 26.Be4 Nf8 27.Qc3 Ne6 28.f3 
Nf6 29.Qxe5 Qxe5 30.Bxe5 Nxe4 31.fxe4 f6 32.Bf4 1/2-1/2

[Event "15th Asian-ch"]
[Site "Chengdu CHN"]
[Date "2017.05.17"]
[Round "6"]
[White "Fang Yan"]
[Black "Zhao Yuanhe"]
[Result "1/2-1/2"]
[WhiteElo "2443"]
[BlackElo "2383"]
[EventDate "2017.05.12"]
[PlyCount "45"]

1.e4 e5 2.Nf3 Nf6 3.Nxe5 d6 4.Nf3 Nxe4 5.d3 Nf6 6.d4 d5 7.Bd3 Bd6 8.Qe2+ 
Qe7 9.Qxe7+ Bxe7 10.O-O O-O 11.Bf4 c6 12.Re1 Re8 13.Nbd2 h6 14.Nf1 Be6 15.
Ng3 Nbd7 16.h3 Bf8 17.Re2 Nb6 18.Rae1 Nc4 19.c3 Rad8 20.Ne5 Nxe5 21.Bxe5 
Nd7 22.Bf4 Nf6 23.Be5 1/2-1/2

[Event "15th Asian-ch"]
[Site "Chengdu CHN"]
[Date "2017.05.17"]
[Round "6"]
[White "Bilguun, Sumiya"]
[Black "Andyka, Pitra"]
[Result "1-0"]
[WhiteElo "2440"]
[BlackElo "2358"]
[EventDate "2017.05.12"]
[PlyCount "71"]

1.e4 c5 2.Nf3 d6 3.d4 cxd4 4.Nxd4 Nf6 5.Nc3 Nc6 6.Bg5 e6 7.Qd2 a6 8.O-O-O 
Bd7 9.f3 Be7 10.h4 h6 11.Be3 h5 12.Bd3 Ne5 13.Bg5 Qb6 14.Be2 Qc7 15.f4 Nc6
16.Bf3 O-O 17.Nde2 Rfd8 18.Ng3 g6 19.Rhf1 Rac8 20.f5 Ne5 21.fxg6 fxg6 22.
Bxh5 Rf8 23.Be2 b5 24.a3 Rb8 25.h5 a5 26.hxg6 b4 27.Nb1 bxa3 28.Nxa3 Qb7 
29.b3 a4 30.Bxf6 Rxf6 31.Rxf6 Bxf6 32.Nh5 Bh4 33.Qxd6 Bg5+ 34.Kb2 axb3 35.
c3 Be8 36.Qxe5 1-0

[Event "15th Asian-ch"]
[Site "Chengdu CHN"]
[Date "2017.05.17"]
[Round "6"]
[White "Chen Fan"]
[Black "Peng Xiongjian"]
[Result "1-0"]
[WhiteElo "2326"]
[BlackElo "2431"]
[EventDate "2017.05.12"]
[PlyCount "83"]

1.e4 e5 2.Nf3 Nc6 3.Bb5 a6 4.Ba4 Nf6 5.O-O Be7 6.d3 b5 7.Bb3 d6 8.a3 O-O 
9.Nc3 Bg4 10.Ne2 Qc8 11.c3 Na5 12.Bc2 c5 13.Ng3 h6 14.h3 Be6 15.Re1 Re8 
16.Be3 Qc7 17.Rc1 Rad8 18.b4 Nc6 19.d4 cxd4 20.cxd4 d5 21.exd5 Bxd5 22.
Nxe5 Qb7 23.Nxc6 Bxc6 24.f3 a5 25.Qd3 axb4 26.axb4 g6 27.Bxh6 Bxb4 28.
Rxe8+ Nxe8 29.Bg5 Be7 30.Qe3 Nf6 31.Bxg6 Nd5 32.Qe5 fxg6 33.Qe6+ Kh8 34.
Rxc6 Bxg5 35.Qe5+ Kh7 36.Qxg5 Qxc6 37.Qxd8 b4 38.Ne4 b3 39.Qxd5 Qc1+ 40.
Kh2 b2 41.Qf7+ Kh8 42.Qf8+ 1-0

[Event "15th Asian-ch"]
[Site "Chengdu CHN"]
[Date "2017.05.17"]
[Round "6"]
[White "Bersamina, Paulo"]
[Black "Zou Chen"]
[Result "1-0"]
[WhiteElo "2419"]
[BlackElo "2320"]
[EventDate "2017.05.12"]
[PlyCount "283"]

1.e4 c5 2.Nc3 Nc6 3.Bb5 g6 4.Bxc6 dxc6 5.d3 Bg7 6.f4 c4 7.Nf3 f5 8.e5 cxd3
9.cxd3 Nh6 10.d4 Nf7 11.Qb3 e6 12.Be3 Bf8 13.h3 Qb6 14.Qc2 Qa6 15.Kf2 Bd7 
16.a3 b6 17.g4 Qb7 18.Rhd1 Be7 19.b4 a5 20.Qb3 axb4 21.axb4 O-O 22.gxf5 
gxf5 23.b5 Rxa1 24.Rxa1 c5 25.dxc5 bxc5 26.Qa4 Rb8 27.Qa7 Bxb5 28.Qxb7 
Rxb7 29.Ra8+ Kg7 30.Nxb5 Rxb5 31.Ra7 Kf8 32.Nd2 Nd8 33.Nc4 Nb7 34.Ra6 Kf7 
35.Ke2 Nd8 36.Bd2 Ke8 37.Ba5 Kd7 38.Nb6+ Kc6 39.Na4+ Kd7 40.Nb6+ Kc6 41.
Na4+ Kd7 42.Ra7+ Nb7 43.Bc3 c4 44.Bd4 Rb3 45.Nb6+ Kc6 46.Nxc4 Rxh3 47.Bf2 
Rh2 48.Na5+ Nxa5 49.Rxe7 Rh6 50.Ra7 Kb5 51.Rc7 Nc6 52.Rd7 Kc4 53.Rc7 Kb5 
54.Rb7+ Kc4 55.Rc7 Kb5 56.Rb7+ Kc4 57.Rc7 Kb5 58.Rb7+ Kc4 59.Rc7 Kd5 60.
Rd7+ Ke4 61.Rd6 Kxf4 62.Rxc6 Kxe5 63.Rc5+ Kd6 64.Ra5 Rh3 65.Bd4 h5 66.Be5+
Kc6 67.Kf2 Rb3 68.Bg3 Rb5 69.Ra6+ Rb6 70.Ra8 Kd5 71.Ra5+ Ke4 72.Re5+ Kd4 
73.Re1 Rb2+ 74.Kf1 Rb3 75.Kg2 h4 76.Bh2 h3+ 77.Kh1 Rf3 78.Rxe6 f4 79.Re1 
Kd3 80.Kg1 Kd4 81.Kh1 Kd3 82.Bg1 Kd2 83.Ra1 Ke2 84.Kh2 Kd3 85.Bb6 Ke4 86.
Bg1 Kd3 87.Ra4 Ke2 88.Ba7 Kd3 89.Bb8 Ke3 90.Bc7 Rf1 91.Kxh3 f3 92.Bb6+ Ke2
93.Kg3 Rb1 94.Bf2 Rb3 95.Ra2+ Kd1 96.Kf4 Rc3 97.Kg3 Rb3 98.Ra7 Rd3 99.Re7 
Kd2 100.Kf4 Rb3 101.Rd7+ Ke2 102.Kg3 Rd3 103.Re7+ Kd2 104.Bc5 Rb3 105.Kf2 
Kd3 106.Kxf3 Kc4+ 107.Be3 Rc3 108.Ke4 Rc2 109.Rd7 Rc3 110.Bd2 Rc2 111.Rd8 
Kb5 112.Kd3 Rc7 113.Be3 Kc6 114.Kc4 Rd7 115.Rh8 Kd6 116.Re8 Rc7+ 117.Kd4 
Re7 118.Bf4+ Ke6 119.Ra8 Kf5 120.Bd6 Re6 121.Ra5+ Kf6 122.Be5+ Kf5 123.Ra8
Rg6 124.Kd5 Kg4 125.Ke4 Kg5 126.Rf8 Kg4 127.Rf2 Rg5 128.Bf6 Rg6 129.Rf1 
Kg3 130.Kf5 Kg2 131.Ra1 Rg3 132.Be5 Rf3+ 133.Ke4 Rf2 134.Bd4 Re2+ 135.Kf4 
Rd2 136.Be3 Re2 137.Rg1+ Kh2 138.Rg7 Rc2 139.Kf3 Kh1 140.Rg1+ Kh2 141.Rd1 
Kh3 142.Bd2 1-0

[Event "15th Asian-ch"]
[Site "Chengdu CHN"]
[Date "2017.05.17"]
[Round "6"]
[White "Gonzales, Jayson"]
[Black "Xu Minghui"]
[Result "1/2-1/2"]
[WhiteElo "2409"]
[BlackElo "2286"]
[EventDate "2017.05.12"]
[PlyCount "58"]

1.d4 d5 2.c4 c6 3.Nf3 Nf6 4.Qc2 dxc4 5.Qxc4 Bf5 6.g3 e6 7.Bg2 Be7 8.O-O 
Nbd7 9.e3 O-O 10.Nbd2 Ne4 11.Ne1 Nxd2 12.Bxd2 e5 13.Bc3 Nb6 14.Qe2 e4 15.
f3 exf3 16.Bxf3 Be6 17.Nd3 f5 18.Ba5 Bd5 19.Nf4 Bxf3 20.Rxf3 Qd7 21.Bxb6 
axb6 22.Qc4+ Kh8 23.Qb3 b5 24.Raf1 Rae8 25.d5 Rf6 26.Nh5 Rff8 27.Nf4 Rf6 
28.Nh5 Rff8 29.Nf4 Rf6 1/2-1/2

[Event "15th Asian-ch"]
[Site "Chengdu CHN"]
[Date "2017.05.17"]
[Round "6"]
[White "Sriram, Jha"]
[Black "Tran Minh Thang"]
[Result "1-0"]
[WhiteElo "2390"]
[BlackElo "2409"]
[EventDate "2017.05.12"]
[PlyCount "55"]

1.d4 Nf6 2.Nf3 g6 3.g3 Bg7 4.Bg2 d5 5.O-O O-O 6.c4 dxc4 7.Na3 c3 8.bxc3 c5
9.e3 Nc6 10.Bb2 Bf5 11.Nd2 Qc8 12.e4 Bh3 13.d5 Bxg2 14.Kxg2 Ne5 15.Qe2 g5 
16.f4 gxf4 17.gxf4 Ng6 18.f5 Ne5 19.Kh1 Kh8 20.Rg1 Bh6 21.Nf3 Nxf3 22.Qxf3
Qb8 23.c4 Bf4 24.Qc3 h6 25.Qxf6+ exf6 26.Bxf6+ Kh7 27.Rg7+ Kh8 28.Rag1 1-0

[Event "15th Asian-ch"]
[Site "Chengdu CHN"]
[Date "2017.05.17"]
[Round "6"]
[White "Atabaev, Maksat"]
[Black "Wang Shixu B"]
[Result "1-0"]
[WhiteElo "2519"]
[BlackElo "2187"]
[EventDate "2017.05.12"]
[PlyCount "103"]

1.e4 e6 2.d3 c5 3.g3 Nc6 4.Bg2 g6 5.Nc3 Bg7 6.Be3 b6 7.Nge2 Nge7 8.d4 d6 
9.Qd2 O-O 10.O-O Ba6 11.Rfd1 Qc7 12.a4 Rad8 13.Nb5 Qb8 14.c3 Na5 15.Qc2 h6
16.b3 Rc8 17.Rab1 Rfd8 18.Qd2 Kh7 19.c4 Bb7 20.d5 exd5 21.exd5 Re8 22.g4 
Ng8 23.Ng3 Nf6 24.h3 Rcd8 25.Bf4 Bc8 26.Qc2 a6 27.Nc3 Qc7 28.Re1 Nb7 29.
Bd2 Rxe1+ 30.Rxe1 Re8 31.Nce4 Qd8 32.Re3 Bd7 33.Bc3 Kg8 34.Qb2 Nxe4 35.
Bxg7 Nxg3 36.Bh8 f6 37.Bxf6 Ne2+ 38.Kh2 Qc8 39.Qxe2 Rxe3 40.Qxe3 Qf8 41.
Bb2 Nd8 42.f4 Kh7 43.Kg3 Nf7 44.Be4 Be8 45.Qc3 Nd8 46.h4 Nb7 47.h5 Nd8 48.
Kf3 Nb7 49.Qd3 Qg8 50.f5 gxh5 51.f6+ Bg6 52.gxh5 1-0

[Event "15th Asian-ch"]
[Site "Chengdu CHN"]
[Date "2017.05.17"]
[Round "6"]
[White "Nguyen Van Huy"]
[Black "Zhu Jiner"]
[Result "1-0"]
[WhiteElo "2442"]
[BlackElo "2184"]
[EventDate "2017.05.12"]
[PlyCount "65"]

1.d4 Nf6 2.c4 e6 3.Nf3 Bb4+ 4.Nbd2 O-O 5.g3 b5 6.Bg2 Bb7 7.O-O Bxd2 8.Qxd2
d6 9.b3 Nbd7 10.Bb2 Ne4 11.Qc2 f5 12.Rad1 a5 13.d5 e5 14.Nh4 g6 15.Bxe4 
fxe4 16.Qxe4 Nf6 17.Qc2 Qd7 18.e4 g5 19.Ng2 Qg7 20.f4 gxf4 21.gxf4 Ng4 22.
Rd3 h5 23.Rg3 Qh6 24.h3 exf4 25.Bc1 fxg3 26.Bxh6 Rxf1+ 27.Kxf1 Nxh6 28.Qd3
Rf8+ 29.Ke1 Re8 30.Qxg3+ Kh7 31.Nf4 Rg8 32.Qh4 Bc8 33.Nxh5 1-0

[Event "15th Asian-ch"]
[Site "Chengdu CHN"]
[Date "2017.05.17"]
[Round "6"]
[White "Odeev, Handszar"]
[Black "Dai Changren"]
[Result "0-1"]
[WhiteElo "2417"]
[BlackElo "2418"]
[EventDate "2017.05.12"]
[PlyCount "108"]

1.e4 c5 2.Nf3 Nc6 3.Bb5 Nf6 4.Nc3 g6 5.e5 Ng4 6.Bxc6 dxc6 7.h3 Nh6 8.g4 
Bg7 9.d3 O-O 10.Qe2 f5 11.g5 Nf7 12.Bf4 Qa5 13.Qe3 Nd8 14.Kf1 Ne6 15.Ne2 
c4 16.dxc4 Bd7 17.Qd2 Qxd2 18.Bxd2 f4 19.Nc3 Rf5 20.Re1 b5 21.Ne4 bxc4 22.
Bc3 c5 23.h4 Bc6 24.Rh3 Rd8 25.Ned2 Bd5 26.Ba5 Rd7 27.Bc3 Rf8 28.a3 Rfd8 
29.h5 gxh5 30.Rxh5 Nd4 31.Bxd4 cxd4 32.Rh4 c3 33.bxc3 dxc3 34.Ne4 Rf8 35.
Rh3 Rc7 36.Nf6+ exf6 37.gxf6 Bxf6 38.exf6 Rxf6 39.Re8+ Kg7 40.Ne5 Re6 41.
Rxe6 Bxe6 42.Rf3 Bf5 43.Nd3 Rc4 44.Ne5 Rc8 45.Nd3 Be4 46.Rh3 f3 47.Ne1 Kf6
48.Rh6+ Kg5 49.Ra6 Rd8 50.Ra4 Kf5 51.Rxa7 Rd1 52.Rc7 Kf6 53.Rxc3 Bb7 54.
Rc5 Ke6 0-1

[Event "15th Asian-ch"]
[Site "Chengdu CHN"]
[Date "2017.05.17"]
[Round "6"]
[White "Chen Qi B"]
[Black "Lin Yi"]
[Result "1/2-1/2"]
[WhiteElo "2362"]
[BlackElo "2397"]
[EventDate "2017.05.12"]
[PlyCount "82"]

1.e4 e5 2.Bc4 Nf6 3.d3 c6 4.Nf3 d5 5.Bb3 a5 6.a4 Bb4+ 7.c3 Bd6 8.exd5 cxd5
9.Bg5 Be6 10.Na3 Nbd7 11.Nb5 Bb8 12.O-O O-O 13.Re1 Re8 14.Bh4 Ra6 15.Nd2 
h6 16.d4 e4 17.c4 dxc4 18.Bxc4 Bxc4 19.Nxc4 Bf4 20.Qb3 Qb8 21.Bg3 Rc8 22.
Rad1 h5 23.Ne5 Bxe5 24.dxe5 Nxe5 25.Nc3 h4 26.Bxh4 Nd3 27.Re2 Nc5 28.Qc2 
Re6 29.Bxf6 gxf6 30.Qd2 Qe5 31.Qc1 f5 32.Nd5 Kf8 33.f4 Qg7 34.Ne3 Rec6 35.
Nxf5 Qg4 36.Ng3 Nd3 37.Qe3 Rc1 38.Rf1 Rxf1+ 39.Nxf1 Qxf4 40.Qxf4 Nxf4 41.
Rxe4 Nd3 1/2-1/2